| 000 | 00361nam a22001457a 4500 | ||
|---|---|---|---|
| 003 | OSt | ||
| 005 | 20160727222343.0 | ||
| 008 | 160620b xxu||||| |||| 00| 0 eng d | ||
| 040 | _cTEST | ||
| 100 |
_9173 _aNCERT |
||
| 245 |
_aEnvironmental Studies _bTeachers Guid |
||
| 260 |
_aN.D _bNCERT _c1981 |
||
| 300 | _aEnvironmental Studies : Teachers Guid | ||
| 942 |
_2ddc _cBK |
||
| 999 |
_c141 _d141 |
||